<?xml version="1.0" encoding="UTF-8"?><?xml-stylesheet type="text/xsl" href="static/style.xsl"?><OAI-PMH xmlns="http://www.openarchives.org/OAI/2.0/" xmlns:xsi="http://www.w3.org/2001/XMLSchema-instance" xsi:schemaLocation="http://www.openarchives.org/OAI/2.0/ http://www.openarchives.org/OAI/2.0/OAI-PMH.xsd"><responseDate>2026-04-17T03:14:45Z</responseDate><request verb="GetRecord" identifier="oai:www.recercat.cat:2072/421360" metadataPrefix="marc">https://recercat.cat/oai/request</request><GetRecord><record><header><identifier>oai:recercat.cat:2072/421360</identifier><datestamp>2024-10-29T16:43:17Z</datestamp><setSpec>com_2072_98</setSpec><setSpec>col_2072_378196</setSpec></header><metadata><record xmlns="http://www.loc.gov/MARC21/slim" xmlns:dcterms="http://purl.org/dc/terms/" xmlns:xsi="http://www.w3.org/2001/XMLSchema-instance" xmlns:doc="http://www.lyncode.com/xoai" xsi:schemaLocation="http://www.loc.gov/MARC21/slim http://www.loc.gov/standards/marcxml/schema/MARC21slim.xsd">
   <leader>00925njm 22002777a 4500</leader>
   <datafield ind2=" " ind1=" " tag="042">
      <subfield code="a">dc</subfield>
   </datafield>
   <datafield ind2=" " ind1=" " tag="720">
      <subfield code="a">Franquet Elía, Elisa</subfield>
      <subfield code="e">author</subfield>
   </datafield>
   <datafield ind2=" " ind1=" " tag="720">
      <subfield code="a">Universitat Autònoma de Barcelona. Departament de Medicina</subfield>
      <subfield code="e">author</subfield>
   </datafield>
   <datafield ind2=" " ind1=" " tag="720">
      <subfield code="a">Universitat Autònoma de Barcelona. Facultat de Medicina</subfield>
      <subfield code="e">author</subfield>
   </datafield>
   <datafield ind2=" " ind1=" " tag="260">
      <subfield code="c">2013</subfield>
   </datafield>
   <datafield ind2=" " ind1=" " tag="520">
      <subfield code="a">El estudio del hiperparatirodismo es una indicación cada vez más frecuente en Medicina nuclear debido a la incorporación de técnica híbrida SPECT-TC, que añade a la gammagrafía planar convencional de doble trazador (MIBI y Pertecnetato) y doble fase (10 minutos y 2 horas) información sobre localización, fundamentalmente. El sistema de procesado convencional (reconstrucción iterativa OSEM) presenta buenos resultados, no obstante, existen limitaciones como son la resolución espacial y ruido. El sistema de reconstrucción Wide Beam Reconstruction WBR™ mejora fundamentalmente estos aspectos. Con este objetivo, se ha realizado una comparación entre ambos métodos, en pacientes con sospecha de hiperparatiroidismo.</subfield>
   </datafield>
   <datafield ind2=" " ind1=" " tag="520">
      <subfield code="a">L'estudi de l'hiperparatiroïdisme és una indicació cada vegada més freqüent en Medicina Nuclear degut a la incorporació de la tècnica híbrida SPECT-TC, que afegeix a la gammagrafia planar convencional de doble traçador (MIBI i Pertecnetat) i doble fase (10 minuts i 2 hores) informació de localització, fonamentalment. El sistema de processat convencional (reconstrucció iterativa OSEM) mostra bons resultats, no obstant, existeixen limitacions com ara la ressolució espaial i el soroll. El sistema de reconstrucció Wide Beam Reconstruction WBR™ millora aquests aspectes. Amb aquest objectiu, s'ha realitzat una comparació entre ambdós mètodes en pacients amb sospita d'hiperparatiroïdisme.</subfield>
   </datafield>
   <datafield tag="653" ind2=" " ind1=" ">
      <subfield code="a">Tomografia, Hiperparatiroïdisme</subfield>
   </datafield>
   <datafield ind2="0" ind1="0" tag="245">
      <subfield code="a">Impacto en el análisis con wbr™ en la valoración planar y tomográfica (SPECT-TC) de paratiroides</subfield>
   </datafield>
</record></metadata></record></GetRecord></OAI-PMH>